লোডিং...

Water wastes and helath in hot climates

গ্রন্থ-পঞ্জীর বিবরন
প্রধান লেখক: Feachem, R
বিন্যাস: Printed Book
ভাষা:Undetermined
English
প্রকাশিত: New York John Wiley and Sons 1977
বিষয়গুলি:
LEADER 00644nam a2200157Ia 4500
008 140306s9999 xx 000 0 und d
041 |a eng 
082 |a 620  |b FEA/WA 
100 |a Feachem, R 
245 |a Water wastes and helath in hot climates 
260 |a New York  |b John Wiley and Sons  |c 1977 
650 |a Engineering 
942 |2 ddc  |c BK 
999 |c 112860  |d 112860 
952 |0 0  |1 0  |2 ddc  |4 0  |6 620_000000000000000_FEAWA  |7 0  |9 110658  |a KAUHCV  |b KAUHCV  |d 2004-04-07  |o 620 FEA/WA  |p KAU_HCV-11108  |r 2014-03-22  |w 2014-03-22  |y BK 
952 |0 0  |1 0  |2 ddc  |4 0  |6 620_000000000000000_FEAWA  |7 0  |9 110659  |a KAUHCV  |b KAUHCV  |d 2004-04-07  |o 620 FEA/WA  |p KAU_HCV-9756  |r 2014-03-22  |w 2014-03-22  |y BK